01167nam0a22002291 4500001001100000005001700011021001900028035002600047100004100073101000800114102000700122105001800129200033600147210007200483215001600555225003800571606014100609702012300750801001800873801002200891852002400913rc\406257720250611074725.0 aRUb[51-34861] a(NLR Aleph) 008113874 a20130415d1951 |||y0rusy50 ca0 arus aRU ay z |||||1 aМедико-санитарное обслуживание великих строек коммунизмаeТруды Сталингр. науч. сессии АМН СССР 20-24 апр. 1951 г.f[Ред. коллегия: Н.Н. Жуков-Вережников (отв. ред.) и др.]gАкад. мед. наук СССР aМоскваcИзд-во Акад. мед. наук СССРd1951 a195 с.d271 aПроблемы медицины aВеликие стройки коммунизмаxМедико-санитарное обслуживаниеjСборники2psbo 14340aЖуков-ВережниковbН. Н.f1908-1981gНиколай Николаевич3RU\NLR\AUTH\770228689 0aRUbNLRgpsbo 1aRUbELAR2rusmarc aNLRjМд96 Г-7/26